| 000 | 00965nam a2200229 a 4500 | ||
|---|---|---|---|
| 001 | 2024547 | ||
| 003 | AM-YEHGA | ||
| 005 | 20251008142704.0 | ||
| 008 | 250708s1906 ru |||||||||||||||1|rus|d | ||
| 040 | _aAM-YEHGA | ||
| 041 | 0 | _arus | |
| 100 | 1 | _aГауптман, Герхарт | |
| 245 | 1 | 0 |
_aТкачи : _bДрама из сороковых годов / _cГ. Гауптман ; перев. с немецк. Л. Гуревич ; редакция К. Бальмонта. |
| 260 |
_a[Санкт-Петербург] : _bИзд. С. Скирмунта, _c[1906]. |
||
| 300 | _a104 с. | ||
| 490 | 0 |
_aДешевая б-ка издан. С. Скирмунта. Сер. беллетристич. _v№ 4 |
|
| 650 | 1 | 4 | _aНемецкая литература |
| 700 | 1 |
_aБальмонт, Константин Дмитриевич _eред. _4edt |
|
| 700 | 1 |
_aГуревич, Л. _eпер. _4trl |
|
| 700 | 1 |
_aГуревич, Л. _eпер. |
|
| 942 |
_2udc _cBK |
||
| 999 |
_c535726 _d535726 |
||